LIBRARY & INFORMATION CENTRE, KCAET, TAVANUR

ONLINE PUBLIC ACCESS CATALOGUE (OPAC)

Fundamentals of Optics / (Record no. 3324)

MARC details
000 -LEADER
fixed length control field 00536cam a2200193ua 4500
003 - CONTROL NUMBER IDENTIFIER
control field OSt
008 - FIXED-LENGTH DATA ELEMENTS--GENERAL INFORMATION
fixed length control field 241227b |||||||| |||| 00| 0 eng d
020 ## - INTERNATIONAL STANDARD BOOK NUMBER
ISBN 9781259002298
020 ## - INTERNATIONAL STANDARD BOOK NUMBER
ISBN 0070323305
082 ## - DEWEY DECIMAL CLASSIFICATION NUMBER
Classification number 535.2
Item number JEN/FU
100 ## - MAIN ENTRY--AUTHOR NAME
Personal name Jenkins, Francis A.
245 ## - TITLE STATEMENT
Title Fundamentals of Optics /
250 ## - EDITION STATEMENT
Edition statement 4
260 ## - PUBLICATION, DISTRIBUTION, ETC. (IMPRINT)
Place of publication New York :
Name of publisher McGraw Hill Book Company ,
Year of publication 1969.
260 ## - PUBLICATION, DISTRIBUTION, ETC. (IMPRINT)
Place of publication New Delhi
Name of publisher Tata McGraw Hill Education Private Limited
Year of publication 2011
300 ## - PHYSICAL DESCRIPTION
Number of Pages 637 ; .746
700 1# - ADDED ENTRY--PERSONAL NAME
Personal name White, Harvey E.
942 ## - ADDED ENTRY ELEMENTS (KOHA)
Koha item type Books
Holdings
Withdrawn status Lost status Damaged status Home library Current library Date acquired Full call number Accession Number Koha item type Collection code Shelving location Source of acquisition Cost, normal purchase price
      KAUAET   07/04/2012 535.2 JEN/FU 4878 Books        
      KAUAET KAUAET 07/04/2012 535.2 21929 JEN/FU Books        
      KAUAET KAUAET 31/03/2012 535.2 JEN/FU 23123 Books Non-fiction General Stacks Dreamtech, Thiruvananthapuram 450.00
      KAUAET KAUAET 31/03/2012 535.2 JEN/FU 23124 Books Non-fiction General Stacks Dreamtech, Thiruvananthapuram 450.00
      KAUAET KAUAET 31/03/2012 535.2 JEN/FU 23125 Books Non-fiction General Stacks Dreamtech, Thiruvananthapuram 450.00
      KAUAET KAUAET 31/03/2012 535.2 JEN/FU 23126 Books Non-fiction General Stacks Dreamtech, Thiruvananthapuram 450.00
      KAUAET KAUAET 31/03/2012 535.2 JEN/FU 23127 Books Non-fiction General Stacks Dreamtech, Thiruvananthapuram 450.00
free website counter